[Event "Vienna Silvester op-A"]
[Site "Vienna"]
[Date "2021.12.31"]
[Round "5"]
[White "Jirovec, Alfred"]
[Black "Mayrhuber, Franz"]
[Result "1-0"]
[WhiteElo "2009"]
[BlackElo "1767"]
[PlyCount "97"]
[EventDate "2021.12.27"]
[EventType "swiss"]
[EventRounds "7"]
[EventCountry "AUT"]
[SourceTitle "EXT 2023"]
[Source "ChessBase"]
[SourceDate "2022.10.05"]
[SourceVersion "1"]
[SourceVersionDate "2022.10.05"]
[SourceQuality "1"]

1. Nf3 d5 2. d4 Nf6 3. c4 e6 4. Nc3 Bb4 5. Qc2 0-0 6. e3 b6 7. cxd5 exd5 8. Bd3 h6 9. 0-0 Nbd7 10. a3 Bd6 11. e4 dxe4 12. Nxe4 Re8 13. Nxd6 cxd6 14. Bf4 Nf8 15. Qc6 Bg4 16. Qxd6 Qxd6 17. Bxd6 Bxf3 18. gxf3 Rad8 19. Be5 Ne6 20. Bb5 Re7 21. Rfd1 Nd5 22. Rac1 f6 23. Bg3 Ndf4 24. Bc4 Kf8 25. d5 Nh3+ 26. Kf1 Nef4 27. Rd4 g5 28. d6 Red7 29. Rcd1 h5 30. Bb5 Rg7 31. d7 h4 32. Re4 Re7 33. Rxe7 Kxe7 34. Re1+ Kd6 35. Bxf4+ Nxf4 36. Rd1+ Ke7 37. a4 Ng6 38. Rc1 Ne5 39. Rc7 Nxf3 40. Rxa7 Nxh2+ 41. Kg2 Ng4 42. Rb7 Ne5 43. Rxb6 Nxd7 44. Rb7 Kd6 45. b4 f5 46. a5 Ne5 47. a6 Nc6 48. Rb6 Rc8 49. a7 1-0

[Event "Vienna Silvester op-A"]
[Site "Vienna"]
[Date "2021.12.30"]
[Round "4"]
[White "Kellner, Nikolaus"]
[Black "Jirovec, Alfred"]
[Result "0-1"]
[WhiteElo "1702"]
[BlackElo "2009"]
[PlyCount "34"]
[EventDate "2021.12.27"]
[EventType "swiss"]
[EventRounds "7"]
[EventCountry "AUT"]
[SourceTitle "EXT 2023"]
[Source "ChessBase"]
[SourceDate "2022.10.05"]
[SourceVersion "1"]
[SourceVersionDate "2022.10.05"]
[SourceQuality "1"]

1. c4 Nf6 2. Nc3 g6 3. d4 d5 4. cxd5 Nxd5 5. e4 Nxc3 6. bxc3 Bg7 7. Bc4 0-0 8. Nf3 c5 9. Rb1 Nc6 10. Bd5 cxd4 11. cxd4 Bg4 12. Rxb7 Nxd4 13. Bg5 Bxf3 14. gxf3 Qa5+ 15. Bd2 Qa6 16. Bb4 Rac8 17. Kd2 Bh6+ 0-1

[Event "Vienna Silvester op-A"]
[Site "Vienna"]
[Date "2021.12.28"]
[Round "2"]
[White "Raeke, Philipp"]
[Black "Jirovec, Alfred"]
[Result "1-0"]
[WhiteElo "1851"]
[BlackElo "2009"]
[PlyCount "70"]
[EventDate "2021.12.27"]
[EventType "swiss"]
[EventRounds "7"]
[EventCountry "AUT"]
[SourceTitle "EXT 2023"]
[Source "ChessBase"]
[SourceDate "2022.10.05"]
[SourceVersion "1"]
[SourceVersionDate "2022.10.05"]
[SourceQuality "1"]

1. e4 e6 2. d4 d5 3. Nc3 Bb4 4. e5 b6 5. a3 Bf8 6. Nf3 Ba6 7. Bxa6 Nxa6 8. Ne2 Nb8 9. Nf4 c5 10. c3 Nc6 11. Nh5 cxd4 12. cxd4 Na5 13. 0-0 Qd7 14. Bd2 Nc4 15. b3 Nxd2 16. Qxd2 Ne7 17. Rfc1 h6 18. Rc3 Nc6 19. Rac1 Nd8 20. Qb2 Qb5 21. Ne1 Qa5 22. b4 Qb5 23. Rg3 a5 24. Nxg7+ Bxg7 25. Rxg7 axb4 26. Nc2 Nc6 27. Nxb4 Kf8 28. Rg3 Na5 29. Rc7 Qa4 30. Qc1 Nc4 31. Rf3 Rh7 32. Nc6 Kg8 33. h3 Rf8 34. Ne7+ Kg7 35. Qf4 Rhh8 1-0

[Event "AUT-chT2O 1920"]
[Site "Austria"]
[Date "2019.11.17"]
[Round "4.6"]
[White "Jirovec, Alfred"]
[Black "Wiedner, Robert"]
[Result "0-1"]
[WhiteElo "2006"]
[BlackElo "2113"]
[PlyCount "124"]
[EventDate "2019.10.19"]
[EventType "team-tourn"]
[EventRounds "11"]
[EventCountry "AUT"]
[SourceTitle "CBM 193 Extra"]
[Source "ChessBase"]
[SourceDate "2020.01.31"]
[SourceVersion "1"]
[SourceVersionDate "2020.01.31"]
[SourceQuality "1"]
[WhiteTeam "Wiener Amateur CC"]
[BlackTeam "Mattersburg"]
[WhiteTeamCountry "AUT"]
[BlackTeamCountry "AUT"]

1. Nf3 c5 2. c4 d6 3. g3 Nc6 4. Bg2 g6 5. 0-0 Bg7 6. a3 Nh6 7. d3 Nf5 8. Nc3 h5 9. e4 Nfd4 10. Be3 Bg4 11. Rb1 h4 12. Nb5 hxg3 13. hxg3 Qd7 14. Re1 a6 15. Nbxd4 Bxd4 16. Qa4 Bxf3 17. Bxf3 Bxe3 18. Rxe3 e5 19. Bg2 Ke7 20. b4 cxb4 21. axb4 b5 22. Qd1 Nd4 23. Re1 Qe6 24. cxb5 axb5 25. Rb2 g5 26. f3 Rhg8 27. Rf1 Ra3 28. Rff2 Rga8 29. Rb1 Rc3 30. Qd2 Rac8 31. Qxg5+ Qf6 32. Qxf6+ Kxf6 33. Bf1 Rc1 34. Rbb2 R8c3 35. Kg2 Nc2 36. Re2 Ne1+ 37. Rxe1 Rxe1 38. f4 Rec1 39. fxe5+ Kxe5 40. Rd2 R1c2 41. d4+ Ke6 42. Rxc2 Rxc2+ 43. Kf3 Rb2 44. Bxb5 Rxb4 45. d5+ Ke5 46. Be8 Rb7 47. g4 Ra7 48. g5 Ra3+ 49. Kg4 Ra7 50. Kf3 Re7 51. Ba4 Kd4 52. Bc2 Rc7 53. Ba4 Rc3+ 54. Kf4 Re3 55. Bc2 Re2 56. Bb3 Rxe4+ 57. Kf5 Re3 58. Ba4 Rf3+ 59. Kg4 Rf2 60. Bc6 Ke4 61. Kg3 Rf1 62. Kg4 Rg1+ 0-1

[Event "AUT-chT2O 1819"]
[Site "Austria"]
[Date "2019.03.10"]
[Round "9.2"]
[White "Jirovec, Alfred"]
[Black "Druckenthaner, Andreas"]
[Result "0-1"]
[WhiteElo "1977"]
[BlackElo "2304"]
[PlyCount "62"]
[EventDate "2018.10.06"]
[EventType "team-tourn"]
[EventRounds "11"]
[EventCountry "AUT"]
[SourceTitle "CBM 189 Extra"]
[Source "ChessBase"]
[SourceDate "2019.05.31"]
[SourceVersion "1"]
[SourceVersionDate "2019.05.31"]
[SourceQuality "1"]
[WhiteTeam "Wiener Amateur CC "]
[BlackTeam "Austria"]
[WhiteTeamCountry "AUT"]
[BlackTeamCountry "AUT"]

1. Nf3 f5 2. c4 Nf6 3. d4 e6 4. Nc3 Be7 5. g3 0-0 6. Bg2 d6 7. 0-0 Ne4 8. Qb3 Nc6 9. a3 Bf6 10. Rd1 Nxc3 11. Qxc3 a5 12. Qc2 Qe8 13. Bg5 e5 14. Bxf6 Rxf6 15. dxe5 dxe5 16. c5 a4 17. Qc3 h6 18. Rd5 e4 19. Nd4 Ne7 20. Re5 Qf7 21. Rd1 Ng6 22. Nb5 Be6 23. e3 Bb3 24. Rd2 Nxe5 25. Qxe5 Re8 26. Qc3 Qc4 27. Bf1 Qxc3 28. bxc3 Rc6 29. Nd4 Rxc5 30. Nxb3 axb3 31. Rb2 Rxc3 0-1

[Event "AUT-chT2O 1819"]
[Site "Austria"]
[Date "2019.03.09"]
[Round "8.5"]
[White "Kropik, Martin"]
[Black "Jirovec, Alfred"]
[Result "0-1"]
[WhiteElo "2098"]
[BlackElo "1977"]
[PlyCount "112"]
[EventDate "2018.10.06"]
[EventType "team-tourn"]
[EventRounds "11"]
[EventCountry "AUT"]
[SourceTitle "CBM 189 Extra"]
[Source "ChessBase"]
[SourceDate "2019.05.31"]
[SourceVersion "1"]
[SourceVersionDate "2019.05.31"]
[SourceQuality "1"]
[WhiteTeam "Donaustadt"]
[BlackTeam "Wiener Amateur CC "]
[WhiteTeamCountry "AUT"]
[BlackTeamCountry "AUT"]

1. d4 d5 2. c4 c6 3. Nf3 Nf6 4. Nc3 e6 5. e3 Nbd7 6. Be2 Bd6 7. 0-0 0-0 8. Qc2 Re8 9. b3 h6 10. Bb2 a6 11. Rfd1 Qe7 12. Rac1 b6 13. e4 dxe4 14. Nxe4 Nxe4 15. Qxe4 Bb7 16. c5 Bc7 17. cxb6 Bxb6 18. Bd3 Nf8 19. Qg4 Bc7 20. Ne5 Bxe5 21. dxe5 c5 22. Ba3 Rec8 23. Be4 Rab8 24. Bxb7 Rxb7 25. Qc4 Nd7 26. Qe4 Rbc7 27. Rd6 Nb8 28. f4 Qe8 29. Qc4 Qb5 30. Qd3 Qxd3 31. Rxd3 a5 32. Rd6 Kh7 33. Rc4 Kg6 34. Kf2 h5 35. Kf3 Nc6 36. Ke4 Nd4 37. Ra6 a4 38. Raxa4 Nf5 39. Ra5 Rd7 40. Raxc5 Rcd8 41. Rc8 Rxc8 42. Rxc8 Rd2 43. Bc5 Rxa2 44. b4 Rb2 45. Rb8 Rxg2 46. b5 Rxh2 47. b6 Rb2 48. Kd3 h4 49. Kc3 Rb1 50. b7 Nh6 51. Bb4 h3 52. f5+ Kxf5 53. Rd8 h2 54. b8Q h1Q 55. Rd3 Qc1+ 56. Kd4 Qf4+ 0-1

[Event "AUT-chT2O 1819"]
[Site "Austria"]
[Date "2019.01.13"]
[Round "7.3"]
[White "Zojer, Stefan"]
[Black "Jirovec, Alfred"]
[Result "1-0"]
[WhiteElo "2125"]
[BlackElo "1977"]
[PlyCount "87"]
[EventDate "2018.10.06"]
[EventType "team-tourn"]
[EventRounds "11"]
[EventCountry "AUT"]
[SourceTitle "CBM 189 Extra"]
[Source "ChessBase"]
[SourceDate "2019.05.31"]
[SourceVersion "1"]
[SourceVersionDate "2019.05.31"]
[SourceQuality "1"]
[WhiteTeam "Baden Invest"]
[BlackTeam "Wiener Amateur CC "]
[WhiteTeamCountry "AUT"]
[BlackTeamCountry "AUT"]

1. d4 Nf6 2. Nf3 g6 3. e3 Bg7 4. Bd3 d5 5. 0-0 0-0 6. b3 b6 7. Nbd2 Bb7 8. Bb2 Nbd7 9. Qe2 c5 10. Rfd1 Qc7 11. Rac1 Rac8 12. c4 Qb8 13. e4 dxe4 14. Nxe4 Nxe4 15. Bxe4 Bxe4 16. Qxe4 Nf6 17. Qe5 cxd4 18. Qxe7 Rfe8 19. Qa3 Ne4 20. Bxd4 Bxd4 21. Rxd4 Nc5 22. Rcd1 a5 23. Qc1 Ne6 24. Rd7 b5 25. Ng5 Nxg5 26. Qxg5 bxc4 27. bxc4 Qb4 28. g3 Re1+ 29. Kg2 Rxd1 30. Rxd1 Qxc4 31. Qxa5 Qe4+ 32. Kg1 Rc2 33. a4 Qe2 34. Qd8+ Kg7 35. Qd4+ Kg8 36. Rb1 Rc8 37. a5 Qc2 38. Ra1 Rb8 39. a6 Rb1+ 40. Rxb1 Qxb1+ 41. Kg2 Qb5 42. Qd8+ Kg7 43. Qa8 h5 44. Qb7 1-0

[Event "AUT-chT2O 1819"]
[Site "Austria"]
[Date "2018.11.04"]
[Round "4.3"]
[White "Jirovec, Alfred"]
[Black "Riemelmoser, Stefan"]
[Result "1-0"]
[WhiteElo "1977"]
[BlackElo "2055"]
[PlyCount "65"]
[EventDate "2018.10.06"]
[EventType "team-tourn"]
[EventRounds "11"]
[EventCountry "AUT"]
[SourceTitle "CBM 187 Extra"]
[Source "ChessBase"]
[SourceDate "2018.11.04"]
[SourceVersion "1"]
[SourceVersionDate "2018.11.04"]
[SourceQuality "1"]
[WhiteTeam "Wiener Amateur CC "]
[BlackTeam "Tschaturanga"]
[WhiteTeamCountry "AUT"]
[BlackTeamCountry "AUT"]

1. Nf3 d5 2. d4 e6 3. Bf4 Nf6 4. h3 c5 5. e3 Nc6 6. c3 Bd6 7. Bxd6 Qxd6 8. Nbd2 0-0 9. Bd3 c4 10. Bc2 b5 11. e4 Qe7 12. 0-0 a5 13. a3 Bd7 14. Re1 Rfb8 15. Ne5 Nxe5 16. dxe5 Nxe4 17. Nxe4 dxe4 18. Bxe4 Ra6 19. Qf3 Qc5 20. Rad1 Bc6 21. Rd4 Bxe4 22. Qxe4 Rc6 23. Red1 Rcc8 24. Kh1 b4 25. axb4 axb4 26. f4 g6 27. Qe1 bxc3 28. bxc3 Qa3 29. Qh4 Qxc3 30. f5 Re8 31. fxg6 hxg6 32. Qf6 Qc2 33. Rf1 1-0

[Event "AUT-chT2O 1718"]
[Site "Austria"]
[Date "2018.04.08"]
[Round "11.4"]
[White "Wandl, Werner"]
[Black "Jirovec, Alfred"]
[Result "1-0"]
[WhiteElo "2006"]
[BlackElo "1985"]
[PlyCount "75"]
[EventDate "2017.10.21"]
[EventType "team-tourn"]
[EventRounds "11"]
[EventCountry "AUT"]
[SourceTitle "EXT 2019"]
[Source "ChessBase"]
[SourceDate "2018.10.10"]
[SourceVersion "1"]
[SourceVersionDate "2018.10.10"]
[SourceQuality "1"]
[WhiteTeam "Pressbaum"]
[BlackTeam "Nickelsdorf Blackburne"]
[WhiteTeamCountry "AUT"]
[BlackTeamCountry "AUT"]

1. e4 e6 2. d4 d5 3. Bd3 Nf6 4. e5 Nfd7 5. Ne2 c5 6. c3 Nc6 7. Nd2 cxd4 8. cxd4 Be7 9. 0-0 Qb6 10. Nf3 Qd8 11. Be3 Nb6 12. a3 Na5 13. b3 Bd7 14. Nd2 Rc8 15. f4 g6 16. Kh1 h5 17. Nf3 Kf8 18. Qb1 Kg7 19. Ng5 Qe8 20. Rf3 Bxg5 21. fxg5 Bb5 22. Bd2 Bxd3 23. Qxd3 Nc6 24. Raf1 Rf8 25. Nf4 Ne7 26. Nxe6+ fxe6 27. Rxf8 Qxf8 28. Rxf8 Rxf8 29. Bb4 Rf7 30. h3 Nf5 31. g4 hxg4 32. hxg4 Ne7 33. Kg2 Nc6 34. Bd6 Rf4 35. Qh3 Nxd4 36. Qh6+ Kg8 37. Qxg6+ Kh8 38. Be7 1-0

[Event "Ratten op 21st"]
[Site "Ratten"]
[Date "2014.05.29"]
[Round "1"]
[White "Wertjanz, David"]
[Black "Jirovec, Alfred"]
[Result "1-0"]
[WhiteElo "2281"]
[BlackElo "2050"]
[PlyCount "127"]
[EventDate "2014.05.29"]
[EventType "swiss"]
[EventRounds "5"]
[EventCountry "AUT"]
[SourceTitle "CBM 160 Extra"]
[Source "ChessBase"]
[SourceDate "2014.07.01"]
[SourceVersion "1"]
[SourceVersionDate "2014.07.01"]
[SourceQuality "1"]

1. e4 e6 2. d4 d5 3. Nd2 Nf6 4. e5 Nfd7 5. Bd3 c5 6. c3 Nc6 7. Ne2 Qb6 8. Nf3 Be7 9. 0-0 a6 10. b3 cxd4 11. cxd4 Qd8 12. Nf4 Nb6 13. Bb2 Bd7 14. Rc1 Rc8 15. a3 a5 16. Qd2 Kf8 17. Rfe1 Kg8 18. Bb5 Ra8 19. Bd3 Be8 20. Nh5 Nd7 21. Ng3 Nf8 22. Nf1 Ng6 23. g3 Nf8 24. h4 f6 25. exf6 Bxf6 26. N1h2 h5 27. Re3 Bf7 28. Bb5 Qb6 29. Bd3 Re8 30. Bb1 Be7 31. Kg2 Bf6 32. Nf1 Qd8 33. Rec3 Qb6 34. Re3 Qd8 35. Qc3 Qb6 36. N1d2 Ng6 37. Qc5 Qd8 38. Rce1 Nf8 39. Rc1 Be7 40. Qb5 Qb8 41. Bd3 Nd7 42. Nb1 Nf6 43. Nc3 Bd6 44. Na4 Ng4 45. Re2 Re7 46. Ng5 Be8 47. Qb6 Bc7 48. Qc5 Bd6 49. Qc2 Rh6 50. Rce1 Rf6 51. Nxe6 Nxf2 52. Ng5 Nxd3 53. Qxd3 Bg6 54. Qb5 Rxe2+ 55. Rxe2 Bxg3 56. Qxd5+ Kh8 57. Ne4 Ne7 58. Qg5 Bf4 59. Qxa5 Bxe4+ 60. Rxe4 Nf5 61. Qb5 Nxh4+ 62. Kh3 Bg5 63. Re5 Nf3 64. Re8+ 1-0

[Event "AUT-chT2O 1314"]
[Site "Austria"]
[Date "2014.02.22"]
[Round "8.6"]
[White "Liedl, Wolfgang"]
[Black "Jirovec, Alfred"]
[Result "1-0"]
[WhiteElo "2200"]
[BlackElo "2050"]
[PlyCount "69"]
[EventDate "2013.10.05"]
[EventType "team-tourn"]
[EventRounds "11"]
[EventCountry "AUT"]
[SourceTitle "EXT 2015"]
[Source "ChessBase"]
[SourceDate "2014.11.20"]
[SourceVersion "1"]
[SourceVersionDate "2014.11.20"]
[SourceQuality "1"]
[WhiteTeam "Austria"]
[BlackTeam "Nickelsdorf"]
[WhiteTeamCountry "AUT"]
[BlackTeamCountry "AUT"]

1. d4 Nf6 2. c4 c5 3. d5 b5 4. cxb5 a6 5. bxa6 Bxa6 6. Nc3 g6 7. e4 Bxf1 8. Kxf1 d6 9. g3 Bg7 10. Kg2 0-0 11. Nf3 Nbd7 12. a4 Ng4 13. Qc2 Nge5 14. Nxe5 Nxe5 15. Nb5 Qb6 16. Bd2 Rfc8 17. Bc3 Qb7 18. b3 Ra6 19. Rac1 e6 20. Bxe5 Bxe5 21. Qc4 exd5 22. Qxd5 Qe7 23. Rhd1 g5 24. Nd4 Bxd4 25. Rxd4 Rb8 26. Rd3 Rb4 27. e5 dxe5 28. Rxc5 Re6 29. Re3 Rd4 30. Qa8+ Kg7 31. Rc8 Kh6 32. Rg8 Kh5 33. Qf3+ g4 34. Qf5+ Kh6 35. Rxg4 1-0

[Event "AUT-chT2O 1213"]
[Site "Austria"]
[Date "2013.04.06"]
[Round "10.6"]
[White "Jirovec, Alfred"]
[Black "Steiner, Bruno"]
[Result "0-1"]
[WhiteElo "2036"]
[BlackElo "2209"]
[PlyCount "80"]
[EventDate "2012.10.06"]
[EventType "team-tourn"]
[EventRounds "11"]
[EventCountry "AUT"]
[SourceTitle "EXT 2014"]
[Source "ChessBase"]
[SourceDate "2013.11.20"]
[SourceVersion "1"]
[SourceVersionDate "2013.11.20"]
[SourceQuality "1"]
[WhiteTeam "Nickelsdorf"]
[BlackTeam "Waehring"]
[WhiteTeamCountry "AUT"]
[BlackTeamCountry "AUT"]

1. d4 d5 2. Nf3 Nf6 3. e3 e6 4. Bd3 b6 5. Qe2 Bb7 6. Nbd2 Ne4 7. 0-0 Bd6 8. a3 0-0 9. c4 Nd7 10. Rd1 f5 11. Nf1 Kh8 12. Qc2 Qf6 13. b4 dxc4 14. Bxc4 Qh6 15. Qb3 Rae8 16. a4 Ndf6 17. Ne5 Ng4 18. Ra2 Nxe5 19. dxe5 Bxe5 20. a5 Nd6 21. Be2 Qg6 22. f3 Bd5 23. Rxd5 exd5 24. axb6 axb6 25. b5 Qe6 26. f4 Bf6 27. Ra7 Rf7 28. Bf3 Ne4 29. Qc2 c5 30. Ra6 g6 31. Ba3 Qd6 32. g3 Kg7 33. Be2 Rd7 34. g4 fxg4 35. Bxg4 Rdd8 36. Ra7+ Re7 37. Ra6 d4 38. Bf3 dxe3 39. Bxe4 Qd4 40. Qe2 Qxe4 0-1

[Event "Vienna op 16th"]
[Site "Vienna"]
[Date "2009.08.19"]
[Round "5"]
[White "Stanetzek, Carsten"]
[Black "Jirovec, Alfred"]
[Result "0-1"]
[WhiteElo "2263"]
[BlackElo "2075"]
[PlyCount "98"]
[EventDate "2009.08.15"]
[EventType "swiss"]
[EventRounds "9"]
[EventCountry "AUT"]
[SourceTitle "CBM 131 Extra"]
[Source "ChessBase"]
[SourceDate "2009.09.03"]
[SourceVersion "2"]
[SourceVersionDate "2009.09.16"]
[SourceQuality "1"]

1. e4 e6 2. d4 d5 3. exd5 exd5 4. Nf3 Bd6 5. Bd3 Ne7 6. c3 h6 7. Qc2 Nbc6 8. 0-0 Bg4 9. Nbd2 Qd7 10. Re1 0-0 11. b4 a6 12. Qb3 Rfe8 13. a4 Kh8 14. Bb2 Bf5 15. Bf1 Ng6 16. g3 Bf8 17. Qa2 Red8 18. Re3 Nge7 19. b5 axb5 20. Bxb5 Qc8 21. Ba3 Be6 22. Nh4 g5 23. Nhf3 Bg7 24. Re2 Nf5 25. Bxc6 bxc6 26. Bb4 Nd6 27. a5 Qa6 28. Re3 Re8 29. Nb3 Ne4 30. Ne1 Bf5 31. Qe2 Qxe2 32. Rxe2 Kh7 33. a6 Reb8 34. Nc5 Rxb4 35. cxb4 Bxd4 36. Ra3 Nxc5 37. bxc5 Bxc5 38. Ra4 Bb6 39. g4 Be6 40. Nd3 c5 41. h3 Bd7 42. Ra3 Bb5 43. Re7 Kg7 44. Re5 c6 45. Ne1 d4 46. h4 gxh4 47. Rh3 c4 48. Rxh4 d3 49. g5 d2 0-1

[Event "Vienna op 14th"]
[Site "Vienna"]
[Date "2003.08.21"]
[Round "6"]
[White "Jirovec, Alfred"]
[Black "Todor, Razvan"]
[Result "1-0"]
[WhiteElo "2023"]
[BlackElo "2238"]
[PlyCount "99"]
[EventDate "2003.08.16"]
[EventType "swiss"]
[EventRounds "9"]
[EventCountry "AUT"]
[SourceTitle "CBM 095 Extra"]
[Source "ChessBase"]
[SourceDate "2003.09.04"]
[SourceVersion "1"]
[SourceVersionDate "2003.09.04"]
[SourceQuality "1"]

1. d4 d6 2. Nf3 Bg4 3. Nbd2 Nd7 4. h3 Bh5 5. c4 e5 6. Qb3 Rb8 7. dxe5 dxe5 8. Nxe5 Nc5 9. Qe3 Qe7 10. g4 Bg6 11. Bg2 f6 12. Nxg6 Qxe3 13. fxe3 hxg6 14. b3 Bd6 15. 0-0 Nh6 16. Bb2 Nf7 17. Bd4 Ng5 18. b4 Nd7 19. Bxa7 Ra8 20. Bd4 Bxb4 21. Rfd1 Nxh3+ 22. Kf1 Ra3 23. Nb3 c6 24. Rd3 Ng5 25. Bb2 Ra8 26. Rad1 Nf8 27. a3 Be7 28. Nd4 Rc8 29. Rb3 Rc7 30. Bc3 Nd7 31. Ba5 Rc8 32. Rxb7 Ne5 33. Nxc6 Rxc6 34. Rb8+ Kf7 35. Bd5+ Ne6 36. Rxh8 Ra6 37. Bb4 Nxg4 38. Rh3 Kf8 39. Rb1 Nh6 40. Bxe7+ Kxe7 41. Rb7+ Kf8 42. e4 Nc5 43. Rc7 Ra5 44. Ke1 g5 45. e5 g4 46. e6 Nxe6 47. Rc8+ Ke7 48. Re3 Ra6 49. Rb8 Kf7 50. Bxe6+ 1-0